François Villon : život středověké Paříže /
Životopis známého francouzského básníka spolu s popisem nejrůznějších stránek života Paříže 1. pol. 15. století.
Uloženo v:
| Hlavní autor: | |
|---|---|
| Další autoři: | , , |
| Médium: | E-kniha |
| Jazyk: | Czech |
| Vydáno: |
V Praze :
Vyšehrad,
2026
|
| Vydání: | Doplněné a opravené vydání |
| Témata: | |
| Tagy: |
Žádné tagy |
| LEADER | 03372nam a2200625 i 4500 | ||
|---|---|---|---|
| 001 | 312961 | ||
| 003 | CZ PrSKC | ||
| 005 | 20260601215731.0 | ||
| 007 | ta | ||
| 008 | 260428s2026 xr e 000 0dcze | ||
| 015 | |a cnb003754541 | ||
| 020 | |a 9788026734192 |q (vázáno) : |c Kč 269,00 | ||
| 040 | |a BOA001 |b cze |e rda | ||
| 041 | 1 | |a cze |h fre | |
| 043 | |a e-fr--- | ||
| 045 | |a s-s- | ||
| 072 | 7 | |a 930.85 |x Dějiny civilizace. Kulturní dějiny |2 Konspekt | |
| 080 | |a 821.133.1-051 |2 MRF | ||
| 080 | |a 316.72/.75 |2 MRF | ||
| 080 | |a 316.3"04/14" |2 MRF | ||
| 080 | |a (44) |2 MRF | ||
| 080 | |a (048.8) |2 MRF | ||
| 100 | 1 | |a Favier, Jean, |d 1932-2014 |7 jn19990002191 |4 aut | |
| 240 | 1 | 0 | |a François Villon. |l Česky |
| 245 | 1 | 0 | |a François Villon : |b život středověké Paříže / |c Jean Favier ; přeložili Aleš Pohorský a Věra Dvořáková ; překlad veršů Jarmila Loukotková |
| 250 | |a Doplněné a opravené vydání | ||
| 264 | 1 | |a V Praze : |b Vyšehrad, |c 2026 | |
| 300 | |a 364 stran ; |c 22 cm | ||
| 336 | |a text |b txt |2 rdacontent | ||
| 337 | |a bez média |b n |2 rdamedia | ||
| 338 | |a svazek |b nc |2 rdacarrier | ||
| 500 | |a Přeloženo z francouzštiny | ||
| 520 | 2 | |a Životopis známého francouzského básníka spolu s popisem nejrůznějších stránek života Paříže 1. pol. 15. století. |b Autor - francouzský historik - rekonstruuje na základě všech přístupných dokumentů pohnutý život Villona - bohéma, básníka, zlodějíčka, přítele spodiny i dvořanů v Blois. Současně tak vykresluje i život představitelů jednotlivých vrstev pařížského obyvatelstva - chudých i bohatých. Text je hojně proložen citáty z dobové poezie a zejména z díla samotného Villona - od počátečních epigramů až po závěrečná díla Odkaz a Závěť. - Výklad je uveden autorovou předmluvou, která čtenáře provází rozborem Villonova odkazu a osudy jeho díla v dalších staletích. | |
| 600 | 1 | 7 | |a Villon, François, |d asi 1429-asi 1463 |7 jn19990009794 |2 czenas |
| 648 | 7 | |a 15. století |7 ch460553 |2 czenas | |
| 650 | 0 | 7 | |a francouzští spisovatelé |7 ph120380 |y 15. století |2 czenas |
| 650 | 0 | 7 | |a kultura a společnost |7 ph122010 |z Francie |y 15. století |2 czenas |
| 650 | 0 | 7 | |a středověk |7 ph126223 |z Francie |2 czenas |
| 650 | 0 | 9 | |a French authors |y 15th century |2 eczenas |
| 650 | 0 | 9 | |a culture and society |z France |y 15th century |2 eczenas |
| 650 | 0 | 9 | |a middle ages |z France |2 eczenas |
| 651 | 7 | |a Paříž (Francie) |7 ge130380 |2 czenas | |
| 651 | 9 | |a Paris (France) |2 eczenas | |
| 655 | 7 | |a studie |7 fd133597 |2 czenas | |
| 655 | 9 | |a studies |2 eczenas | |
| 700 | 1 | |a Pohorský, Aleš, |d 1953- |7 jn20010310023 |4 trl | |
| 700 | 1 | |a Dvořáková, Věra, |d 1927-2019 |7 jk01030227 |4 trl | |
| 700 | 1 | |a Loukotková, Jarmila, |d 1923-2007 |7 jk01072489 |4 trl | |
| 710 | 2 | |a Vyšehrad (nakladatelství) |7 xx0021430 |4 pbl | |
| 900 | |a BOA001 |b 18 | ||
| 928 | 9 | |a Albatros Media - Vyšehrad | |
| 044 | |a xr | ||
| 910 | |a RBIT002 | ||
| 998 | |d 426618 |a https://core.palmknihy.cz/api/books/426618/cover?tedn4u |b https://core.palmknihy.cz/api/books/426618/cover/400?tedn4u |c https://core.palmknihy.cz/api/books/426618/cover/50?tedn4u |e 2032-10-20 |g 368 |i 9788026734192 |j https://core.palmknihy.cz/api/books/426618/preview.epub |k https://core.palmknihy.cz/api/books/426618/preview.pdf |l |q 49 |r 1 |s https://www.palmknihy.cz/kniha/426618 |t ebook |y 2026 |z 0 | ||
| 999 | |d 312959 | ||